| 000 | 00721nam a2200217 i 4500 | ||
|---|---|---|---|
| 001 | 124779 | ||
| 003 | ES-MaACL | ||
| 005 | 20230906192509.0 | ||
| 007 | t| | ||
| 008 | 070419s1923 sp ||||1| spa d | ||
| 245 | 0 | 3 | _aEl subsidio de maternidad. |
| 250 | _a2ª ed. | ||
| 260 |
_aMadrid : _b[s.n.], _c1923 ( _fSobrinos Suc. de Minuesa de los Ríos) |
||
| 300 |
_a15 p. ; _c21 cm. |
||
| 490 | 1 |
_aPublicaciones del Instituto Nacional de Previsión ; _v119 |
|
| 650 |
_aSubsidio de maternidad- _zEspaña. _917240 |
||
| 710 | 2 |
_aInstituto Nacional de Previsión (España) _95180 |
|
| 830 | 1 |
_aPublicaciones del Instituto Nacional de Previsión ; _v119 _9181151 |
|
| 852 |
_aES-MaACL _jC-12650(1) |
||
| 999 |
_c124779 _d124779 |
||